[Event "TCh-FRA Top 12 2012"]
[Site "Belfort FRA"]
[Date "2012.06.06"]
[Round "7.1"]
[White "Salgado Lopez, Ivan"]
[Black "Miton, Kamil"]
[Result "1/2-1/2"]
[WhiteTitle "GM"]
[BlackTitle "GM"]
[WhiteElo "2623"]
[BlackElo "2622"]
[WhiteTeam "Echiquier Chalonnais"]
[BlackTeam "MARSEILLE Echecs"]
[WhiteFideId "2257327"]
[BlackFideId "1111914"]
[EventDate "2012.05.31"]

1. e4 c6 2. Nc3 d5 3. Nf3 Bg4 4. h3 Bxf3 5. Qxf3 e6 6. g3 Nf6 7. Bg2 dxe4 8.
Nxe4 Nxe4 9. Qxe4 Qd5 10. O-O Qxe4 11. Bxe4 Nd7 12. b4 Bd6 13. Rb1 Rc8 14. a4
O-O 15. c3 Rfd8 16. Re1 Rc7 17. d4 Nf6 18. Bg2 Nd5 19. Bd2 Bf8 20. Rec1 a6 21.
c4 Ne7 22. b5 Rcc8 23. bxa6 bxa6 24. Rb6 Nf5 25. Kf1 Nxd4 26. Be1 e5 27. Rxa6 f5
28. g4 f4 29. Ba5 Ra8 30. Bxd8 Rxa6 31. Be4 Rxa4 32. Bc7 Ra7 33. Bb6 Ra3 34.
Bxd4 1/2-1/2

[Event "TCh-FRA Top 12 2012"]
[Site "Belfort FRA"]
[Date "2012.06.06"]
[Round "7.2"]
[White "Naiditsch, Arkadij"]
[Black "Edouard, Romain"]
[Result "1-0"]
[WhiteTitle "GM"]
[BlackTitle "GM"]
[WhiteElo "2698"]
[BlackElo "2625"]
[WhiteTeam "MARSEILLE Echecs"]
[BlackTeam "Echiquier Chalonnais"]
[WhiteFideId "4650891"]
[BlackFideId "633429"]
[EventDate "2012.05.31"]

1. c4 c5 2. Nc3 Nc6 3. g3 g6 4. Bg2 Bg7 5. Nf3 e5 6. a3 Nge7 7. Rb1 O-O 8. O-O
d6 9. b4 Rb8 10. d3 b6 11. e3 h6 12. Nd2 Be6 13. Nd5 Qd7 14. b5 Na5 15. Bb2 Bxd5
16. cxd5 Qxb5 17. Bxe5 Qd7 18. Bxg7 Kxg7 19. e4 Rbc8 20. Qc2 Kh7 21. Qc3 f5 22.
f4 c4 23. dxc4 fxe4 24. Bxe4 Nxc4 25. Nxc4 b5 26. Ne5 dxe5 27. Qxe5 Nf5 28. Qe6
Qxe6 29. dxe6 Nd6 30. Bd5 Kg7 31. Rbe1 Rfe8 32. g4 Rc5 33. Rd1 Kf6 34. Rd4 Nc4
35. Rd3 Nb2 36. Rd2 Nc4 37. Rd3 Nb2 38. g5+ hxg5 39. fxg5+ Ke5 40. Rd2 Rxd5 41.
Rxb2 Kd6 42. h4 Rxe6 43. Rf4 a5 44. Kf2 Kc6 45. Rb3 Red6 46. Ke3 Rc5 47. Rf8 Kb6
48. Rb8+ Kc6 49. Rh8 Re5+ 50. Kf4 Rf5+ 51. Kg3 Rc5 52. Rc8+ Kb6 53. Rf8 Kc6 54.
Re8 Kd7 55. Ra8 a4 56. Re3 Rc4 57. Rf3 Rcd4 58. Rb8 R4d5 59. Rbf8 Rd3 60. h5
gxh5 61. Kh4 Rxf3 62. Rxf3 b4 63. axb4 Kc6 64. Rf5 Rd4+ 65. Kxh5 Rxb4 66. g6 Rb1
67. g7 1-0

[Event "TCh-FRA Top 12 2012"]
[Site "Belfort FRA"]
[Date "2012.06.06"]
[Round "7.3"]
[White "Krasenkow, Michal"]
[Black "Delchev, Aleksander"]
[Result "1-0"]
[WhiteTitle "GM"]
[BlackTitle "GM"]
[WhiteElo "2604"]
[BlackElo "2622"]
[WhiteTeam "Echiquier Chalonnais"]
[BlackTeam "MARSEILLE Echecs"]
[WhiteFideId "1113100"]
[BlackFideId "2900394"]
[EventDate "2012.05.31"]

1. d4 Nf6 2. c4 e6 3. Nf3 b6 4. g3 Ba6 5. Nbd2 Bb4 6. Qc2 O-O 7. Bg2 d5 8. O-O
c5 9. dxc5 Bxc5 10. cxd5 Bxe2 11. Re1 Qc8 12. Nd4 exd5 13. Rxe2 Bxd4 14. Qxc8
Rxc8 15. Nb3 Nc6 16. Bf4 Bc5 17. Nxc5 bxc5 18. Rd2 c4 19. Bg5 Ne4 20. Rxd5 Nxg5
21. Rxg5 Rab8 22. Rc5 Nb4 23. Rxc8+ Rxc8 24. Bf1 Kf8 25. a4 c3 26. bxc3 Rxc3 27.
Re1 Nc6 28. Bb5 g6 29. Re4 f5 30. Re6 Nd4 31. Re8+ Kf7 32. Rb8 Nxb5 33. Rxb5 Rc7
34. Ra5 Kf6 35. h4 Re7 36. Kg2 Kg7 37. Ra6 h5 38. Kf3 Kh6 39. Kf4 Re4+ 40. Kf3
Re7 41. a5 Rb7 42. Rc6 Rb3+ 43. Kg2 Ra3 44. Ra6 Ra4 45. Kf3 Ra3+ 46. Kf4 Ra4+
47. Ke5 Ra2 48. f4 Ra3 49. Rxa7 Rxg3 50. Kf6 Rc3 51. Re7 Rc6+ 52. Re6 Rc4 53. a6
Ra4 54. Rb6 Ra5 55. Kf7 Ra4 56. Rxg6+ Kh7 57. Rg5 1-0

[Event "TCh-FRA Top 12 2012"]
[Site "Belfort FRA"]
[Date "2012.06.06"]
[Round "7.5"]
[White "Vernay, Clovis"]
[Black "Gozzoli, Yannick"]
[Result "0-1"]
[WhiteTitle "IM"]
[BlackTitle "GM"]
[WhiteElo "2441"]
[BlackElo "2551"]
[WhiteTeam "Echiquier Chalonnais"]
[BlackTeam "MARSEILLE Echecs"]
[WhiteFideId "633046"]
[BlackFideId "616915"]
[EventDate "2012.05.31"]

1. d4 Nf6 2. c4 c6 3. Nf3 d5 4. e3 Bg4 5. h3 Bh5 6. cxd5 Bxf3 7. gxf3 cxd5 8.
Qb3 Qc7 9. Nc3 e6 10. e4 Nc6 11. Bf4 Qd7 12. O-O-O Be7 13. h4 O-O 14. h5 Rfc8
15. Kb1 Na5 16. Qb5 Qd8 17. Qe2 Nc4 18. Bc1 b5 19. e5 Ne8 20. f4 Qa5 21. Qf3
Na3+ 22. Ka1 b4 23. Ne2 Nc2+ 24. Kb1 Rab8 25. Rd3 Ne1 0-1

[Event "TCh-FRA Top 12 2012"]
[Site "Belfort FRA"]
[Date "2012.06.06"]
[Round "7.6"]
[White "Maze, Sebastien"]
[Black "Dourerassou, Jonathan"]
[Result "1/2-1/2"]
[WhiteTitle "GM"]
[BlackTitle "IM"]
[WhiteElo "2594"]
[BlackElo "2462"]
[WhiteTeam "MARSEILLE Echecs"]
[BlackTeam "Echiquier Chalonnais"]
[WhiteFideId "613762"]
[BlackFideId "628050"]
[EventDate "2012.05.31"]

1. g3 Nf6 2. Bg2 g6 3. c4 Bg7 4. Nc3 d6 5. e4 c5 6. Nge2 Nc6 7. d3 h5 8. h3 Nh7
9. O-O O-O 10. f4 f5 11. Be3 Nd4 12. Rb1 a5 13. a3 e6 14. b4 axb4 15. axb4 Qe7
16. bxc5 dxc5 17. e5 h4 18. gxh4 Qxh4 19. Nxd4 cxd4 20. Bxd4 g5 21. Be3 gxf4 22.
Bxf4 Ng5 23. Kh2 Rd8 24. Rb3 Nf7 25. Qe2 Ra5 26. Nb5 b6 27. Bg3 Qh6 28. d4 Bd7
29. Bf4 Qh4 30. d5 Bxb5 31. cxb5 Ra4 32. dxe6 Rxf4 33. exf7+ Kf8 34. e6 Rxf1 35.
Qxf1 Be5+ 36. Kh1 Qf6 37. Rd3 Bd6 38. Qe2 Be7 39. Rg3 Bd6 40. Rg8+ Ke7 41. Bc6
Rf8 42. Qe3 Bc5 43. Rxf8 Kxf8 44. Qe1 Qh6 45. Bg2 Ke7 46. Bf1 Qf4 47. Bg2 Bd6
48. Kg1 Bc5+ 49. Kh1 Bd6 1/2-1/2

[Event "TCh-FRA Top 12 2012"]
[Site "Belfort FRA"]
[Date "2012.06.06"]
[Round "7.7"]
[White "Cossin, Sebastien"]
[Black "Istratescu, Andrei"]
[Result "1/2-1/2"]
[WhiteTitle "IM"]
[BlackTitle "GM"]
[WhiteElo "2507"]
[BlackElo "2636"]
[WhiteTeam "Echiquier Chalonnais"]
[BlackTeam "MARSEILLE Echecs"]
[WhiteFideId "618802"]
[BlackFideId "1200372"]
[EventDate "2012.05.31"]

1. d4 Nf6 2. c4 e6 3. Nc3 Bb4 4. e3 d5 5. a3 Bxc3+ 6. bxc3 c5 7. cxd5 exd5 8.
Bd3 O-O 9. Ne2 b6 10. O-O Ba6 11. f3 Re8 12. Ng3 Bxd3 13. Qxd3 Nc6 14. Ra2 Qd7
15. Re2 Rad8 16. Rd1 h5 17. Bb2 h4 18. Nh1 Nh5 19. Nf2 c4 20. Qd2 f5 21. Bc1 Rf8
22. Nh3 Ne7 23. Rf1 Ng6 24. Qe1 Rde8 25. Rff2 b5 26. e4 fxe4 27. fxe4 Rxf2 28.
Nxf2 Nhf4 29. Bxf4 Nxf4 30. Re3 Qe6 31. Rf3 g5 32. Re3 Qg6 33. h3 dxe4 34. Rxe4
Rxe4 35. Nxe4 Qe6 36. Qe3 Kg7 37. Qf3 Kg6 38. Kh2 Qd5 39. g3 hxg3+ 40. Kxg3 Kf5
41. Nxg5 Qxf3+ 42. Nxf3 Ne2+ 43. Kf2 Nxc3 44. h4 Ke4 45. h5 Nd5 46. h6 Nf6 47.
Ke2 c3 48. d5 Kxd5 49. Kd3 a5 1/2-1/2

[Event "TCh-FRA Top 12 2012"]
[Site "Belfort FRA"]
[Date "2012.06.06"]
[Round "7.8"]
[White "Delorme, Laurie"]
[Black "Benmesbah, Natacha"]
[Result "0-1"]
[WhiteTitle "WIM"]
[BlackTitle "WIM"]
[WhiteElo "2236"]
[BlackElo "2208"]
[WhiteTeam "MARSEILLE Echecs"]
[BlackTeam "Echiquier Chalonnais"]
[WhiteFideId "630829"]
[BlackFideId "642002"]
[EventDate "2012.05.31"]

1. d4 Nf6 2. c4 c5 3. d5 e6 4. Nc3 exd5 5. cxd5 d6 6. Nf3 g6 7. Bf4 a6 8. e4 Bg7
9. Qa4+ Bd7 10. Qb3 Bc8 11. a4 O-O 12. Be2 Qe7 13. Nd2 Nbd7 14. O-O Ne8 15. Rae1
Ne5 16. Nc4 Rb8 17. a5 Nxc4 18. Bxc4 b5 19. axb6 Qd8 20. Na4 Bd7 21. Re2 Bxa4
22. Qxa4 Rxb6 23. Bxa6 Rb4 24. Qa2 Qb6 25. Bc4 Bxb2 26. Bd2 Bd4 27. Bxb4 cxb4
28. Qa6 Qxa6 29. Bxa6 Nf6 30. Bd3 b3 31. Rb1 Rb8 32. Rbb2 Bxb2 33. Rxb2 Nd7 34.
f3 Nc5 35. Be2 Na4 36. Rd2 b2 37. Bd3 Rb3 38. Bb1 Rc3 39. Kf2 Rc1 40. Bd3 Nc5 0-1

[Event "TCh-FRA Top 12 2012"]
[Site "Belfort FRA"]
[Date "2012.06.06"]
[Round "7.3"]
[White "Bogner, Sebastian"]
[Black "Vachier-Lagrave, Maxime"]
[Result "1/2-1/2"]
[WhiteTitle "GM"]
[BlackTitle "GM"]
[WhiteElo "2569"]
[BlackElo "2680"]
[WhiteTeam "MULHOUSE Philidor"]
[BlackTeam "CLICHY Echecs 92"]
[WhiteFideId "4692055"]
[BlackFideId "623539"]
[EventDate "2012.05.31"]

1. d4 Nf6 2. c4 g6 3. g3 c6 4. Nf3 Bg7 5. Bg2 d5 6. O-O O-O 7. b3 Bf5 8. Bb2
Nbd7 9. Nbd2 Ne4 10. Nh4 Nxd2 11. Qxd2 Be6 12. cxd5 cxd5 13. Qb4 Bf6 14. Nf3 Qb6
15. Qxb6 axb6 1/2-1/2

[Event "TCh-FRA Top 12 2012"]
[Site "Belfort FRA"]
[Date "2012.06.06"]
[Round "7.5"]
[White "Sokolov, Andrei1"]
[Black "Pelletier, Yannick"]
[Result "1/2-1/2"]
[WhiteTitle "GM"]
[BlackTitle "GM"]
[WhiteElo "2570"]
[BlackElo "2587"]
[WhiteTeam "MULHOUSE Philidor"]
[BlackTeam "CLICHY Echecs 92"]
[WhiteFideId "627089"]
[BlackFideId "1301837"]
[EventDate "2012.05.31"]

1. e4 e6 2. d4 d5 3. Nd2 dxe4 4. Nxe4 Nd7 5. Nf3 Ngf6 6. Nxf6+ Nxf6 7. c3 c5 8.
Ne5 a6 9. Be3 Qc7 10. Qa4+ Nd7 11. O-O-O cxd4 12. Nxd7 Bxd7 13. Qxd4 Bc6 14. Bf4
Qa5 15. Bc4 Rd8 16. Qxd8+ Qxd8 17. Rxd8+ 1/2-1/2

[Event "TCh-FRA Top 12 2012"]
[Site "Belfort FRA"]
[Date "2012.06.06"]
[Round "7.6"]
[White "Hamdouchi, Hicham"]
[Black "Demuth, Adrien"]
[Result "1/2-1/2"]
[WhiteTitle "GM"]
[BlackTitle "IM"]
[WhiteElo "2627"]
[BlackElo "2423"]
[WhiteTeam "CLICHY Echecs 92"]
[BlackTeam "MULHOUSE Philidor"]
[WhiteFideId "9000011"]
[BlackFideId "642274"]
[EventDate "2012.05.31"]

1. e4 c6 2. c4 d5 3. cxd5 cxd5 4. exd5 Nf6 5. Nc3 Nxd5 6. Nf3 Nc6 7. Bc4 Nb6 8.
Bb3 g6 9. a4 a5 10. d4 Bg7 11. d5 Nb4 12. O-O O-O 13. Re1 Bf5 14. Bg5 Re8 15.
Rxe7 Rxe7 16. d6 Re1+ 17. Qxe1 Qxd6 18. Rd1 Nd3 1/2-1/2

[Event "TCh-FRA Top 12 2012"]
[Site "Belfort FRA"]
[Date "2012.06.06"]
[Round "7.8"]
[White "Skripchenko, Almira"]
[Black "Choisy, Mathilde"]
[Result "1-0"]
[WhiteTitle "IM"]
[BlackTitle "WFM"]
[WhiteElo "2440"]
[BlackElo "2205"]
[WhiteTeam "CLICHY Echecs 92"]
[BlackTeam "MULHOUSE Philidor"]
[WhiteFideId "13900145"]
[BlackFideId "634565"]
[EventDate "2012.05.31"]

1. e4 c5 2. Nf3 e6 3. d3 Nc6 4. c3 d5 5. Qe2 Nf6 6. g3 Be7 7. Bg2 O-O 8. e5 Nd7
9. O-O b5 10. h4 a5 11. Bf4 Ba6 12. Nbd2 b4 13. c4 Nb6 14. Rac1 Rc8 15. Rfd1 Qe8
16. Nf1 Rd8 17. Ne3 Nd4 18. Nxd4 cxd4 19. Ng4 dxc4 20. dxc4 d3 21. Qe4 Qa4 22.
Be3 Rb8 23. Bxb6 Rxb6 24. Qxd3 Qxa2 25. Qd4 Rbb8 26. Ne3 Bb7 27. Bxb7 Rxb7 28.
Ra1 Qb3 29. Rxa5 1-0

[Event "TCh-FRA Top 12 2012"]
[Site "Belfort FRA"]
[Date "2012.06.06"]
[Round "7.1"]
[White "Meier, Georg"]
[Black "Schlosser, Philipp"]
[Result "1/2-1/2"]
[WhiteTitle "GM"]
[BlackTitle "GM"]
[WhiteElo "2637"]
[BlackElo "2596"]
[WhiteTeam "VANDOEUVRE Echecs"]
[BlackTeam "BISCHWILLER"]
[WhiteFideId "4675789"]
[BlackFideId "4600169"]
[EventDate "2012.05.31"]

1. d4 Nf6 2. c4 e6 3. g3 d5 4. Nf3 Bb4+ 5. Bd2 Be7 6. Bg2 c6 7. O-O Nbd7 8. Qc2
O-O 9. Bf4 b6 10. Rd1 Bb7 11. Ne5 Nxe5 12. dxe5 Nd7 13. cxd5 cxd5 14. e4 dxe4
15. Bxe4 Bxe4 16. Qxe4 Nc5 17. Qe2 Qc7 18. Nc3 a6 19. Rac1 Qb7 20. b4 Nd7 21.
Ne4 Bxb4 22. Rc4 Be7 23. Rcd4 Nc5 24. Nxc5 Bxc5 25. Rd7 Qc6 26. Bg5 Qa4 27. Kg2
Rac8 28. Bd8 b5 29. R1d2 Ba3 30. Qf3 Rc4 31. Bb6 Bb4 32. Rd8 Rc8 33. Rxc8 Rxc8
34. Rd7 Rf8 35. Qe2 Ba3 36. Ra7 h6 37. h4 Bb4 38. Rd7 Qa3 39. Rc7 Ba5 40. Bc5
Qc3 41. Rc6 Bb4 42. Qf3 Qxf3+ 43. Kxf3 Bxc5 44. Rxc5 Rd8 45. Ke3 g5 46. hxg5
hxg5 47. Rc6 Rd5 48. Rxa6 Rxe5+ 49. Kf3 Kg7 50. a4 Kf6 51. g4 Rc5 52. axb5 Rxb5
53. Ra7 Rb3+ 54. Ke2 Kg6 55. Ra6 Rb4 56. f3 1/2-1/2

[Event "TCh-FRA Top 12 2012"]
[Site "Belfort FRA"]
[Date "2012.06.06"]
[Round "7.2"]
[White "Gyimesi, Zoltan"]
[Black "Bauer, Christian"]
[Result "1/2-1/2"]
[WhiteTitle "GM"]
[BlackTitle "GM"]
[WhiteElo "2651"]
[BlackElo "2672"]
[WhiteTeam "BISCHWILLER"]
[BlackTeam "VANDOEUVRE Echecs"]
[WhiteFideId "702218"]
[BlackFideId "603767"]
[EventDate "2012.05.31"]

1. d4 a6 2. Nf3 e6 3. e3 Nf6 4. c4 d5 5. Nc3 c5 6. cxd5 exd5 7. Be2 Nc6 8. O-O
Bd6 9. dxc5 Bxc5 10. b3 O-O 11. Bb2 Ba7 12. Rc1 Re8 13. Na4 Ne4 1/2-1/2

[Event "TCh-FRA Top 12 2012"]
[Site "Belfort FRA"]
[Date "2012.06.06"]
[Round "7.4"]
[White "Kosten, Anthony C."]
[Black "Paci, Cedric"]
[Result "1-0"]
[WhiteTitle "GM"]
[BlackTitle "FM"]
[WhiteElo "2493"]
[BlackElo "2379"]
[WhiteTeam "BISCHWILLER"]
[BlackTeam "VANDOEUVRE Echecs"]
[WhiteFideId "400114"]
[BlackFideId "614203"]
[EventDate "2012.05.31"]

1. c4 b6 2. Nf3 Bb7 3. g3 Bxf3 4. exf3 c5 5. d4 cxd4 6. Qxd4 Nc6 7. Qd1 e6 8.
Bg2 Na5 9. Nd2 Rc8 10. b3 Nf6 11. O-O Be7 12. Bb2 O-O 13. Qe2 d5 14. Rfd1 Qe8
15. cxd5 Rc2 16. Be5 Nxd5 17. f4 Nc6 18. Be4 Rc5 19. Bb2 Bf6 20. Nc4 Bxb2 21.
Qxb2 b5 22. Bxd5 exd5 23. Nd6 Qb8 24. Nf5 d4 25. Nxd4 Nxd4 26. Rxd4 b4 27. Rad1
a5 28. Qe2 h6 29. Qe7 Qc7 30. Rd7 Qc6 31. R7d6 Qe8 32. Qa7 Qc8 33. h4 Qf5 34.
R6d2 Rfc8 35. Qb7 Kh7 36. Rd7 Kg8 37. Kg2 h5 38. Qf3 g6 39. R7d5 Qf6 40. Qe4 Kg7
41. Rd6 Qb2 42. Rxg6+ Kf8 43. Rd7 1-0

[Event "TCh-FRA Top 12 2012"]
[Site "Belfort FRA"]
[Date "2012.06.06"]
[Round "7.5"]
[White "Genzling, Alain"]
[Black "Marcelin, Cyril"]
[Result "1/2-1/2"]
[WhiteTitle "IM"]
[BlackTitle "GM"]
[WhiteElo "2408"]
[BlackElo "2477"]
[WhiteTeam "VANDOEUVRE Echecs"]
[BlackTeam "BISCHWILLER"]
[WhiteFideId "632708"]
[BlackFideId "607274"]
[EventDate "2012.05.31"]

1. e4 e5 2. Nf3 Nc6 3. Bc4 Nf6 4. d3 Bc5 5. c3 d6 6. O-O Bb6 7. Nbd2 Ne7 8. Bb3
c6 9. Nc4 Bc7 10. Re1 Ng6 11. a4 h6 12. d4 O-O 13. dxe5 dxe5 14. Qxd8 Rxd8 15.
Bc2 Be6 16. b3 Bxc4 17. bxc4 Ba5 18. Ra3 Nd7 19. g3 f6 20. Kf1 Ngf8 21. Ke2 Ne6
22. Be3 Ndc5 23. Rb1 Rd7 24. Rd1 Rad8 25. Rxd7 Rxd7 26. Ne1 Kf7 27. f3 g5 28.
Nd3 Nxd3 29. Bxd3 Bb6 30. Bxb6 axb6 31. Bc2 Nc5 32. a5 bxa5 33. Rxa5 Na6 34. c5
Rd8 35. Bd3 Ra8 36. Bxa6 bxa6 37. Kd3 h5 38. h4 Ke6 39. Ke3 Ke7 40. Kd3 Ke6 41.
Ke3 gxh4 42. gxh4 f5 43. Kd3 fxe4+ 44. fxe4 Kd7 45. Kc4 Kc7 46. Ra1 Rg8 47. Rxa6
Rg4 48. Kd3 Kb7 49. Rb6+ Kc7 50. Ra6 Rxh4 51. Ra7+ Kd8 52. Ra6 Kd7 53. Ra7+ Kd8 1/2-1/2

[Event "TCh-FRA Top 12 2012"]
[Site "Belfort FRA"]
[Date "2012.06.06"]
[Round "7.6"]
[White "Bellahcene, Bilel"]
[Black "Nezar, Mustapha"]
[Result "0-1"]
[WhiteTitle "FM"]
[BlackTitle "IM"]
[WhiteElo "2347"]
[BlackElo "2391"]
[WhiteTeam "BISCHWILLER"]
[BlackTeam "VANDOEUVRE Echecs"]
[WhiteFideId "696358"]
[BlackFideId "608637"]
[EventDate "2012.05.31"]

1. d4 d5 2. c4 c6 3. Nf3 Nf6 4. Nc3 dxc4 5. a4 Bg4 6. Ne5 Bh5 7. Nxc4 e6 8. g3
Na6 9. Bg2 Nb4 10. O-O a5 11. h3 Be7 12. g4 Bg6 13. e4 Nd7 14. f4 f6 15. Qe2 Nb6
16. Nxb6 Qxb6 17. Be3 Qa6 18. Qf2 f5 19. d5 cxd5 20. exf5 Bf7 21. fxe6 Bxe6 22.
Rfd1 O-O 23. Nxd5 Bxd5 24. Bxd5+ Nxd5 25. Rxd5 Qc6 26. Rb5 Rae8 27. Qg2 Bd6 28.
Qxc6 bxc6 29. Rb3 Rxe3 30. Rxe3 Bc5 31. Re1 Rxf4 32. b3 Rf3 0-1

[Event "TCh-FRA Top 12 2012"]
[Site "Belfort FRA"]
[Date "2012.06.06"]
[Round "7.7"]
[White "Brunner, Nicolas"]
[Black "Netzer, Jean"]
[Result "1/2-1/2"]
[WhiteTitle "IM"]
[BlackTitle "IM"]
[WhiteElo "2439"]
[BlackElo "2396"]
[WhiteTeam "VANDOEUVRE Echecs"]
[BlackTeam "BISCHWILLER"]
[WhiteFideId "620246"]
[BlackFideId "623350"]
[EventDate "2012.05.31"]

1. d4 d5 2. c4 dxc4 3. Nf3 Nf6 4. e3 e6 5. Bxc4 c5 6. O-O a6 7. a4 Nc6 8. Qe2
Qc7 9. Rd1 Bd6 10. Nc3 O-O 11. dxc5 Bxc5 12. h3 Ne5 13. Nxe5 Qxe5 14. Qf3 Qc7
15. b3 Bd7 16. Bb2 Bc6 17. Qe2 Rad8 18. Rac1 1/2-1/2

[Event "TCh-FRA Top 12 2012"]
[Site "Belfort FRA"]
[Date "2012.06.06"]
[Round "7.8"]
[White "Maisuradze, Nino"]
[Black "Congiu, Mathilde"]
[Result "1-0"]
[WhiteTitle "WGM"]
[BlackTitle "WIM"]
[WhiteElo "2302"]
[BlackElo "2206"]
[WhiteTeam "BISCHWILLER"]
[BlackTeam "VANDOEUVRE Echecs"]
[WhiteFideId "13601717"]
[BlackFideId "634581"]
[EventDate "2012.05.31"]

1. d4 d5 2. c4 c6 3. cxd5 cxd5 4. Nc3 Nf6 5. Bf4 Nc6 6. e3 a6 7. Bd3 g6 8. h3
Bg7 9. Nf3 O-O 10. O-O Bd7 11. Rc1 Rc8 12. Na4 Nb4 13. Rxc8 Qxc8 14. Nb6 Qd8 15.
Nxd7 Nxd7 16. Be2 Nc6 17. Qb3 Nb6 18. Rc1 Na5 19. Qc3 Nac4 20. b3 Nd6 21. Qc5 f6
22. Bxd6 Qxd6 23. Qxd6 exd6 24. Ne1 Rc8 25. Rxc8+ Nxc8 26. Bf3 Ne7 27. Nd3 b6
28. Nf4 g5 29. Ne6 Kf7 30. Nc7 a5 31. Bxd5+ Nxd5 32. Nxd5 b5 33. a3 Bf8 34. Nc7
a4 35. b4 Ke7 36. Nxb5 Kd7 37. Nc3 Kc6 38. Nxa4 Kb5 39. Nb2 f5 40. g4 f4 41. Kg2
Bg7 42. Kf3 fxe3 43. fxe3 d5 44. Ke2 Bf8 45. Kd3 Bd6 46. Nd1 Ka4 47. Nc3+ 1-0

[Event "TCh-FRA Top 12 2012"]
[Site "Belfort FRA"]
[Date "2012.06.06"]
[Round "7.4"]
[White "Beikert, Guenther"]
[Black "Fedorchuk, Sergey A."]
[Result "1/2-1/2"]
[WhiteTitle "IM"]
[BlackTitle "GM"]
[WhiteElo "2436"]
[BlackElo "2634"]
[WhiteTeam "L'Echiquier Deauvillais"]
[BlackTeam "EVRY Grand Roque"]
[WhiteFideId "4614186"]
[BlackFideId "14102536"]
[EventDate "2012.05.31"]

1. e4 c5 2. Nf3 e6 3. Qe2 Nc6 4. g3 g6 5. Bg2 Bg7 6. O-O Nge7 7. c3 d6 8. d4
cxd4 9. cxd4 Nxd4 10. Nxd4 Bxd4 11. Bh6 Ng8 12. Be3 Bxe3 13. Qxe3 Qb6 14. Qxb6
axb6 15. Na3 Nf6 16. Nc4 Ke7 17. Rfd1 e5 18. a4 Ra6 19. Nxd6 Bd7 20. Nc4 Bxa4
21. Rd2 Bb5 22. Rxa6 bxa6 23. Nxb6 Rb8 24. Nd5+ Nxd5 25. Rxd5 Rc8 26. Rxe5+ Kf6
27. f4 Rc1+ 28. Kf2 Rc2+ 29. Kf3 Rxb2 30. Rc5 a5 31. e5+ Ke7 32. Ke3 Bd7 33. Bc6
Bxc6 34. Rxc6 Rxh2 35. Ra6 Ra2 36. g4 Ra3+ 37. Kf2 Ra2+ 38. Kg3 Ra3+ 39. Kf2 Ra4
40. Kg3 Ra3+ 1/2-1/2

[Event "TCh-FRA Top 12 2012"]
[Site "Belfort FRA"]
[Date "2012.06.06"]
[Round "7.5"]
[White "Hauchard, Arnaud"]
[Black "Tirard, Hugo"]
[Result "1-0"]
[WhiteTitle "GM"]
[BlackTitle "IM"]
[WhiteElo "2536"]
[BlackElo "2478"]
[WhiteTeam "EVRY Grand Roque"]
[BlackTeam "L'Echiquier Deauvillais"]
[WhiteFideId "600113"]
[BlackFideId "607100"]
[EventDate "2012.05.31"]

1. d4 Nf6 2. Nf3 g6 3. g3 Bg7 4. Bg2 O-O 5. O-O d5 6. c4 dxc4 7. Na3 c3 8. bxc3
c5 9. e3 Nc6 10. Bb2 Bf5 11. Qe2 Qa5 12. Rfc1 Rad8 13. Nd2 Rfe8 14. Nb3 Qc7 15.
Nxc5 e5 16. Qb5 Bc8 17. Nc4 h5 18. a4 h4 19. Rab1 hxg3 20. hxg3 e4 21. Nd2 Rd5
22. c4 Rf5 23. Rf1 Rh5 24. d5 Ne5 25. Ncxe4 Bd7 26. Bxe5 Rf5 27. Nc5 Bc8 28. Bf4 1-0

[Event "TCh-FRA Top 12 2012"]
[Site "Belfort FRA"]
[Date "2012.06.06"]
[Round "7.6"]
[White "Battaglini, Gabriel"]
[Black "Relange, Eloi"]
[Result "0-1"]
[WhiteTitle "IM"]
[BlackTitle "GM"]
[WhiteElo "2412"]
[BlackElo "2472"]
[WhiteTeam "L'Echiquier Deauvillais"]
[BlackTeam "EVRY Grand Roque"]
[WhiteFideId "621650"]
[BlackFideId "600822"]
[EventDate "2012.05.31"]

1. d4 Nf6 2. c4 g6 3. Nc3 Bg7 4. e4 d6 5. f3 O-O 6. Be3 c6 7. Qd2 a6 8. Nge2 b5
9. Bh6 Nbd7 10. h4 Nb6 11. Ng3 e5 12. h5 Bxh6 13. Qxh6 exd4 14. Nce2 Nxc4 15.
Nxd4 Qa5+ 16. Kf2 Qb6 17. Rd1 Nxb2 18. Rd2 Qc5 19. Be2 Nc4 20. Bxc4 bxc4 21. Kf1
Ra7 22. e5 Qxe5 23. Nxc6 Qxg3 24. hxg6 fxg6 25. Nxa7 Re8 26. Rf2 Bf5 27. Qd2 Rb8
28. Kg1 Bd3 29. Rf1 Bxf1 30. Nc6 Bxg2 0-1

[Event "TCh-FRA Top 12 2012"]
[Site "Belfort FRA"]
[Date "2012.06.06"]
[Round "7.7"]
[White "Milliet, Sophie"]
[Black "Godard, Maxence"]
[Result "1/2-1/2"]
[WhiteTitle "IM"]
[BlackTitle "IM"]
[WhiteElo "2387"]
[BlackElo "2363"]
[WhiteTeam "EVRY Grand Roque"]
[BlackTeam "L'Echiquier Deauvillais"]
[WhiteFideId "623725"]
[BlackFideId "603694"]
[EventDate "2012.05.31"]

1. e4 c6 2. d4 d5 3. Nc3 dxe4 4. Nxe4 Nd7 5. Ng5 Ngf6 6. Bd3 e6 7. N1f3 Bd6 8.
Qe2 h6 9. Ne4 Nxe4 10. Qxe4 Qc7 11. O-O b6 12. Qg4 Kf8 13. Bd2 Bb7 14. b4 Nf6
15. Qh4 Nd5 16. Rab1 Nf4 17. Bc4 Kg8 18. Rfe1 Rd8 19. Bxf4 Bxf4 20. Rbd1 g5 21.
Qh5 Kg7 22. g3 Bd6 23. c3 Qe7 24. Ne5 c5 25. bxc5 bxc5 26. Rb1 Bxe5 27. Rxe5
cxd4 28. f4 dxc3 29. fxg5 c2 30. Rf1 Rd1 31. Rxd1 cxd1=Q+ 32. Qxd1 Rd8 33. gxh6+
Kh8 34. Qg4 Qf6 35. Qg7+ Qxg7 36. hxg7+ Kxg7 37. Ra5 Rd1+ 38. Kf2 Rd2+ 39. Ke3
Rxh2 40. Rxa7 Bd5 41. Bxd5 exd5 42. a4 Rg2 43. Kf4 Re2 44. Ra5 Re4+ 45. Kf5 Rc4
46. Ra7 Re4 47. a5 Ra4 48. a6 d4 49. Ke4 Kg6 50. Ra8 f5+ 51. Kd3 Kg7 52. Kc2 Ra5
53. Kd3 Ra4 54. Kc2 Ra5 55. Kd3 Ra4 1/2-1/2